000
00256nam a2200109Ia 4500
008
220204s9999 xx 000 0 und d
082
_a
82-3
_b
GAI
100
_a
Gaines, Diana
245
0
_a
Dangerous climate
260
_a
New York
_b
Bantam
_c
1960
942
_c
BK
999
_c
31033
_d
31033